| 000 | 00511nam a2200205Ia 4500 | ||
|---|---|---|---|
| 005 | 20240823053719.0 | ||
| 008 | 240823s9999||||xx |||||||||||||| ||und|| | ||
| 020 | _a81-207-0587-4 | ||
| 041 | _aENGLISH | ||
| 082 | _A027.70954 M5 | ||
| 100 | _aTrehan G L | ||
| 245 | 0 | _aCollege Library Management | |
| 250 | _a1st | ||
| 260 |
_c1985 _bSterling Publishers Private Li |
||
| 500 | _aYES | ||
| 650 |
_aLibrary Management _bManagement Studies |
||
| 700 | _a Promila Chopra | ||
| 942 | _cBK | ||
| 999 |
_c224782 _d224782 |
||